000 00283nam a22001337a 4500
008 170419b xxu||||| |||| 00| 0 eng d
020 _a9780815316190
041 _aeng
080 _23RD
_a573
100 _a11
101 _aSHM
245 _aTHE CELL
_cALBERTS, B
942 _2udc
_cBK
999 _c11068
_d11068